| 000 | 01927ncm0a22003731 4500 | ||
|---|---|---|---|
| 001 | RU\NLR\ONIZ\213106 | ||
| 005 | 20250624205208.0 | ||
| 013 | _a979-0-66000-166-0 | ||
| 035 | _aRU\NLR\ONIZ\lanatalya\5000003887\20151120145825 | ||
| 035 | _a(NLR Aleph) 010985899 | ||
| 071 | 2 | 0 | _aс 3294 к |
| 090 |
_a10901517 _c10901517 |
||
| 100 | _a20150402d2002 |||y0rusy50 ca | ||
| 101 | 0 | _arus | |
| 102 | _aRU | ||
| 125 | _azx | ||
| 128 | _ajz | ||
| 145 | 0 | _ab | |
| 200 | 1 |
_aОсновы джазовой игры на саксофоне _bНоты _hВып. 2 _i12 джазовых упражнений. 10 джазовых мелодий _fЛ. Нихаус |
|
| 210 |
_aСанкт-Петербург _cКомпозитор-Санкт-Петербург _dcop. 2002 |
||
| 215 |
_a23 с. _d30 см |
||
| 313 | _aСистематизация документа проведена по изданию - Методика классифицирования музыкальных произведений (нотных изданий) по таблицам Библиотечно-библиографических классификаций : метод. рекомендации / Гос. б-ка СССР им. В.И. Ленина.- М., 1977. Индексу ББК методических рекомендаций присваивается код ББК для научных библиотек - LBC/SL | ||
| 606 | 1 |
_aМузыка для саксофона зарубежная _z16-19 вв. _jНоты _2nlr_sh |
|
| 686 |
_aЩ957.269.1(7США)я44 джаз _vLBC/SL _2rubbk |
||
| 700 | 1 |
_9z01790 _aНихаус _bЛ. _f1929- _gЛенни _4230 |
|
| 790 | 1 |
_9z01700 _aNiehaus _bL. _f1929- _gLennie _4230 |
|
| 801 | 0 |
_aRU _bNLR _c20150402 _gPSBO |
|
| 801 | 1 |
_aRU _bNLR _c20150402 _2rusmarc |
|
| 801 | 2 |
_aRU _bNLR _c20161213 |
|
| 852 |
_aNLR _bМ _jК-3/26583(2) _p257685 _t1 |
||
| 942 | _cSCORE | ||
| 980 | _aNB | ||
| 980 | _aONIZ | ||